Tributación del beneficio de la empresa y de sus partícipes / (Record no. 23882)

MARC details
000 -LEADER
campo de control de longitud fija 00721nam a2200193 i 4500
001 - NÚMERO DE CONTROL
campo de control 23882
003 - IDENTIFICADOR DE NÚMERO DE CONTROL
campo de control ES-MaACL
005 - FECHA Y HORA DE LA ÚLTIMA TRANSACCIÓN
campo de control 20250911063529.0
007 - CAMPO FIJO DE DESCRIPCIÓN FÍSICA--INFORMACIÓN GENERAL
campo de control de longitud fija t|
008 - DATOS DE LONGITUD FIJA--INFORMACIÓN GENERAL
campo de control de longitud fija 021213s1949 sp |||| | spa d
100 1# - ENTRADA PRINCIPAL--NOMBRE DE PERSONA
Nombre de persona Albiñana García-Quintana, César,
Fechas asociadas al nombre 1920-2007
9 (RLIN) 19384
245 10 - MENCIÓN DEL TÍTULO
Título Tributación del beneficio de la empresa y de sus partícipes /
Mención de responsabilidad, etc. César Albiñana García-Quintana ; prólogo de Jose Larraz.
260 ## - PUBLICACIÓN, DISTRIBUCIÓN, ETC.
Lugar de publicación, distribución, etc. [S.l.] :
Nombre del editor, distribuidor, etc. Revista de Derecho Mercantil,
Fecha de publicación, distribución, etc. 1949 (
Lugar de fabricación/manufactura Alcalá de Henares :
Fabricante Tall. Penitenciales)
300 ## - DESCRIPCIÓN FÍSICA
Extensión LVIII, 917 p. ;
Dimensiones 23 cm.
650 #4 - PUNTO DE ACCESO ADICIONAL DE MATERIA--TÉRMINO DE MATERIA
Término de materia o nombre geográfico como elemento de entrada Impuestos-
Subdivisión geográfica España
9 (RLIN) 13634
700 1# - ENTRADA AGREGADA--NOMBRE PERSONAL
Nombre de persona Larraz, José,
Fechas asociadas al nombre 1904-1973
9 (RLIN) 70328
852 ## - LOCALIZACIÓN
Ubicación ES-MaACL
Número de control de estantería E-683
Holdings
Estatus retirado Estado de pérdida Estado de daño No para préstamo Biblioteca de origen Biblioteca actual Ubicación en estantería Fecha de adquisición Fuente de adquisición Total de préstamos Signatura topográfica completa Código de barras Visto por última vez Precio de reemplazo Tipo de ítem Koha
        Biblioteca del Ateneo de Madrid Biblioteca del Ateneo de Madrid Depósito 2 17/01/2008     E-683 1024612 23/02/2023 23/02/2023 Libro impreso